000 01312nam a2200265 i 4500
001 54232
003 ES-MaACL
005 20250918194237.0
007 t|
008 031202s1907 sp ||||1| spa d
080 _a929 Gómez de Fuensalida, Gutierre
100 1 _aGómez de Fuensalida, Gutierre.
_957892
245 1 0 _aCorrespondencia de Gutierre Gómez de Fuensalida, embajador en Alemania, Flandes e Inglaterra (1496-1509) /
_cpublicada por el Duque de Berwick y de Alba, Conde de Siruela.
260 _aMadrid :
_b[s.n.],
_c1907 (
_fImp. Alemania)
300 _aCI, 620 p., [8] h. de lám. ;
_c28 cm.
530 _aDisponible en formato digital.
594 _aTít. de cubierta: El embajador Fuensalida en las Cortes de Maximiliano, Dña. Juana la Loca y Catalina de Aragón.
599 _aLám.: retratos de Maximiliano I (por Alberto Durero), la reina Dña. Juana y Catalina de Aragón; facsímiles y árboles genealógicos.
600 1 4 _aGómez de Fuensalida, Gutierre-
_vCorrespondencia.
_9163668
700 1 _aAlba, Jacobo Fitz-James Stuart y Falcó,
_cDuque de,
_d1878-1953
_9173467
852 4 _aES-MaACL
_jC-2350
_zRevisado enlace: 16 de julio de 2025
856 4 _uhttps://archive.org/details/correspondenciad00gm
_yInternet Archive
942 _2udc
999 _c54232
_d54232